| 000 | 02059nam0a22003731 4500 | ||
|---|---|---|---|
| 001 | v19\rc\1839538 | ||
| 005 | 20180925103706.0 | ||
| 035 | _a(NLR Aleph) 005255312 | ||
| 090 |
_a5845689 _c5845689 |
||
| 100 | _a20071224e19081908|||y0rusy50 ca | ||
| 101 | 0 | _arus | |
| 102 | _aRU | ||
| 105 | _ay z |||e| | ||
| 200 | 1 |
_aПисьмо священника Григория Петрова к митрополиту Антонию. Спб. 1908 _e[Рец.] _fН. П-н |
|
| 210 |
_aВерный _cтип. Штаба войск Семиреч. обл. _d1908 |
||
| 215 |
_a26 с. _d24 |
||
| 300 | _aАвт. раскрыт по автогр. на экз. РНБ | ||
| 309 | _aБез тит. л. | ||
| 311 | _aИз "Туркест. епарх. вед." неофиц. ч. за 1908 г., № 9 | ||
| 470 | 0 |
_12001#$aПисьмо священника Григория Петрова к митрополиту Антонию _1210##$aСанкт-Петербург$d1908 _1700#1$3RU\NLR\AUTH\7753397$7ca$aПетров$bГ. С.$cписатель$f1868-1925$gГригорий Спиридонович |
|
| 488 | 0 | _12001#$aТуркестанские епархиальные ведомости$v1908, № 9, неофиц. ч. | |
| 700 | 1 |
_aПетерсон _bН. П. _f1844-1919 _gНиколай Павлович |
|
| 702 | 0 |
_aАнтоний _cВадковский, Александр Васильевич _cмитрополит Санкт-Петербургский и Ладожский _f1846-1912 _3RU\NLR\AUTH\7750737 _4570 |
|
| 702 | 1 |
_aПетров _bГ. С. _cписатель _f1868-1925 _gГригорий Спиридонович _3RU\NLR\AUTH\7753397 _4570 _7ca |
|
| 712 | 0 | 2 |
_a"Туркестанские ведомости", газета _c1870-1917; Ташкент _3RU\NLR\AUTH\889979163 _4570 |
| 801 | 0 |
_aRU _bNLR _c20071224 _gpsbo |
|
| 801 | 0 |
_aRU _bRuMoRGB _c20071224 _2psbo |
|
| 801 | 1 |
_aRU _bProSoft-M _c20071224 _2rusmarc |
|
| 801 | 2 |
_aRU _bNLR _c20100411 _2rusmarc |
|
| 852 |
_aNLR _j71-7/880 |
||
| 942 | _cBOOK | ||
| 980 | _aNB | ||